| 000 | 01068nam a2200205 a 4500 | ||
|---|---|---|---|
| 001 | 000907937 | ||
| 003 | AM-YeHGA | ||
| 005 | 20250617145535.0 | ||
| 008 | 120725s xx r 000 0 rus d | ||
| 040 | _aAM-YeHGA | ||
| 041 | 0 | _arus | |
| 100 | 1 | _aСоболев, И.Ф. | |
| 245 | 1 | 0 |
_aПроизводство зеленого горошка и возможности его увеличения в зоне Поречского консервного завода Ростовского района Ярославской области / _cИ.Ф. Соболев, Я.Я. Полунин; Всесоюз. н/и ин-т селекции и семеновод. овощных культур. |
| 260 |
_aБ. м. : _bБ. и., _cБ. г. |
||
| 300 |
_a37 с. : _bрис. ; _c19 см. |
||
| 650 | 1 | 4 | _aБахчевые культуры |
| 700 | 1 | _aПолунин, Я.Я. | |
| 710 | 2 | _aВсесоюзный научно-исследовательский институт селекции и семеноводства овощных культур | |
| 090 | _c315615 | ||
| 999 |
_c313895 _d313895 |
||